Nanotechnology : a Gentle Introduction to the Next Big Idea (Record no. 23272)

000 -LEADER
fixed length control field 00314nam a22001097a 4500
008 - FIXED-LENGTH DATA ELEMENTS--GENERAL INFORMATION
fixed length control field 150521b xxu||||| |||| 00| 0 eng d
082 ## - DEWEY DECIMAL CLASSIFICATION NUMBER
Classification number 620.5RAT
100 ## - MAIN ENTRY--PERSONAL NAME
Personal name Ratner,Mark & Ratner,Daniel
245 ## - TITLE STATEMENT
Title Nanotechnology : a Gentle Introduction to the Next Big Idea
260 ## - PUBLICATION, DISTRIBUTION, ETC.
Place of publication, distribution, etc. India
Name of publisher, distributor, etc. Person Education
Date of publication, distribution, etc. 2003
942 ## - ADDED ENTRY ELEMENTS (KOHA)
Koha item type Book
Holdings
Withdrawn status Lost status Damaged status Not for loan Collection code Permanent Location Current Location Shelving location Date acquired Source of acquisition Cost, normal purchase price Total Checkouts Full call number Barcode Date last seen Price effective from Koha item type
          School of Interdisciplinary Engineering and Sciences (SINES) School of Interdisciplinary Engineering and Sciences (SINES) General Stacks 03/07/2013 Purchase 395.00   620.5RAT RCMS000014 03/07/2013 01/05/2017 Book
© 2023 Central Library, National University of Sciences and Technology. All Rights Reserved.